000 00522nam a22001817a 4500
005 20251108170522.0
008 250721s1997 xx 000 0 ara d
082 1 4 _a609/مشع
100 1 _aمشعل، جمال
245 1 0 _aموسوعة الأوائل :
_bمعلومات طبية و تاريخية /
264 1 _aالقاهره :
_bمكتبة الإيمان،
_c1997.
300 _a102ص.
650 1 7 _aالطب
650 1 7 _aالتاريخ
650 1 7 _aالموسوعات
942 _2ddc
_cBK
999 _c42485
_d42485